Lessons with Eisenstein / (Record no. 19340)
[ view plain ]
| 000 -LEADER | |
|---|---|
| fixed length control field | 01094nam a22003012i 4500 |
| 001 - CONTROL NUMBER | |
| control field | 19340 |
| 003 - CONTROL NUMBER IDENTIFIER | |
| rucl marc code | BD-RjUL |
| 005 - DATE AND TIME OF LATEST TRANSACTION | |
| control field | 20211209000423.0 |
| 008 - FIXED-LENGTH DATA ELEMENTS--GENERAL INFORMATION | |
| fixed length control field | 140224t1962 enkaf 001 0 eng d |
| 035 ## - SYSTEM CONTROL NUMBER | |
| System control number | (BD-RjUL)19399 |
| 040 ## - CATALOGING SOURCE | |
| Original cataloging agency | VZZ |
| Transcribing agency | VZZ |
| Modifying agency | UKM |
| -- | EQO |
| -- | BD-RjUL |
| Language of cataloging | eng |
| 041 1# - LANGUAGE CODE | |
| Language code of text/sound track or separate title | engrus |
| 082 04 - DEWEY DECIMAL CLASSIFICATION NUMBER | |
| Classification number | 791.4302330924 |
| Edition number | 18 |
| Author mark and year | NIL 1962 |
| 090 ## - LOCALLY ASSIGNED LC-TYPE CALL NUMBER (OCLC); LOCAL CALL NUMBER (OCLC) | |
| Classification number (OCLC) (R) ; Classification number, CALL (RLIN) (NR) | PN1998.A3 |
| Local cutter number (OCLC) ; Book number/undivided call number, CALL (RLIN) | E53513 |
| 100 1# - MAIN ENTRY--PERSONAL NAME | |
| Personal name | Nizhniĭ, V. |
| Fuller form of name | (Vladimir). |
| 9 (RLIN) | 59478 |
| 245 10 - TITLE STATEMENT | |
| Title | Lessons with Eisenstein / |
| Statement of responsibility, etc. | Vladimir Nizhny ; translated and edited by Ivor Montagu and Jay Leyda |
| 260 ## - PUBLICATION, DISTRIBUTION, ETC. (IMPRINT) | |
| Place of publication, distribution, etc. | London : |
| Name of publisher, distributor, etc. | G. Allen & Unwin, |
| Date of publication, distribution, etc. | c1962. |
| 300 ## - PHYSICAL DESCRIPTION | |
| Pagination | xvi, 182 p., [2] leaves of plates : |
| Illustrations | ill., diagrs. ; |
| Size | 22 cm |
| 500 ## - GENERAL NOTE | |
| General note | Translation of Na urokakh rezhissury S. Eĭzenshteĭna |
| General note | Includes index |
| 600 10 - SUBJECT ADDED ENTRY--PERSONAL NAME | |
| Personal name | Eisenstein, Sergei, |
| Dates associated with a name | 1898-1948. |
| 650 #0 - SUBJECT ADDED ENTRY--TOPICAL TERM | |
| Topical term or geographic name as entry element | Motion pictures |
| General subdivision | Production and direction |
| 9 (RLIN) | 50375 |
| 700 1# - ADDED ENTRY--PERSONAL NAME | |
| Personal name | Montagu, Ivor Goldsmid Samuel, |
| Dates associated with a name | 1904-1984 |
| Personal name | Leyda, Jay, |
| Dates associated with a name | 1910-1988 |
| 942 ## - ADDED ENTRY ELEMENTS (KOHA) | |
| Source of classification or shelving scheme | Dewey Decimal Classification |
| Koha item type | Books |
| Lost status | Source of classification or shelving scheme | Damaged status | Not for loan | Collection code | Permanent Location | Current Location | Shelving location | Date acquired | Source of acquisition | Cost, normal purchase price | Total Checkouts | Full call number | Date last seen | Copy number | Koha item type |
|---|---|---|---|---|---|---|---|---|---|---|---|---|---|---|---|
| Dewey Decimal Classification | Not For Loan | Non-fiction | Central Library, University of Rajshahi | Central Library, University of Rajshahi | Reading Room | 11/09/1990 | shaukat osman | 0.00 | 791.4302330924 NIL 1962 | 24/02/2014 | C-1 | Books |